| 000 | 00470nam a2200193Ia 4500 | ||
|---|---|---|---|
| 003 | 0100 | ||
| 008 | 130303s9999 xx 000 0 und d | ||
| 040 | _cARRUPELIB | ||
| 050 | _aHM51.D391973 | ||
| 100 | _aDeFleur, Melvin L | ||
| 245 | _aSociology | ||
| 245 | _bHuman Society | ||
| 260 | _aGlenview, Illinois | ||
| 260 | _bScott, Foresman and Company | ||
| 260 | _C1973 | ||
| 300 | _a642P | ||
| 700 | _aD'Antonio, William V.DeFleur, Lois B., 1936- | ||
| 942 | 0 | 0 | _04 |
| 999 |
_c31362 _d31362 |
||